La noticia. Pistas para percibir el mundo

Salvato in:
Dettagli Bibliografici
Autore principale: Fontcuberta, Mar de (Autore)
Natura: Libro
Lingua:spagnolo
Pubblicazione: Barcelona, España Paidós 1993
Serie:Paidós Papeles de Comunicación, 1
Soggetti:
Accesso online:Disponible Online - Cap. 1 al 4
Tags: Aggiungi Tag
Nessun Tag, puoi essere il primo ad aggiungerne!!

MARC

LEADER 00000cam a2200000 a 4500
001 UCY3831
003 CL-VaPUC
005 20240513102532.0
008 950119e19930000SP |||||||||||||||||spa|d
999 |c 231877  |d 231875 
040 |c Pontificia Universidad Católica de Valparaíso 
082 0 4 |a 302.2 FON 1993  |2 21 
100 0 |a Fontcuberta, Mar de  |e author  |9 332241 
245 1 3 |a La noticia.  |b Pistas para percibir el mundo 
260 |a Barcelona, España   |b Paidós  |c 1993 
300 |a 157 páginas  
490 0 |a Paidós Papeles de Comunicación, 1 
583 |a last modification  |c 20140317 03:15:44  |k Rodrigo Vera 
650 0 |a Comunicación   |9 257251 
650 0 |a Periodismo   |9 310113 
650 0 |a Medios de comunicación de masas  |9 257273 
650 0 |a Análisis de contenido  |9 318914 
852 |a BIBCUR 
856 |u https://bibliografiadigital.pucv.cl/index.php/bibliotecapucv/catalog/book/611  |y Disponible Online - Cap. 1 al 4 
942 |c BK  |2 ddc 
945 |d 19950119 00:00:00  |a rbrito 
952 |0 0  |1 0  |4 0  |6 302_200000000000000_FON_1993  |7 0  |8 A  |9 235655  |a BIBCUR  |b BIBCUR  |d 2019-11-15  |i 3054179  |o 302.2 FON 1993  |p 3054179  |r 2025-04-22  |w 2019-11-15  |y BK  |k PER 
952 |0 0  |1 0  |4 0  |6 302_200000000000000_FON_1993  |7 0  |8 A  |9 235656  |a BIBCUR  |b BIBCUR  |d 2019-11-15  |i 3599825  |o 302.2 FON 1993  |p 3599825  |r 2025-04-22  |w 2019-11-15  |y BK  |k PER 
952 |0 0  |1 0  |4 0  |6 302_200000000000000_FON_1993  |7 0  |8 A  |9 235657  |a BIBCUR  |b BIBCUR  |d 2019-11-15  |i 3599833  |o 302.2 FON 1993  |p 3599833  |r 2025-04-22  |w 2019-11-15  |y BK  |k PER 
952 |0 0  |1 0  |4 0  |6 302_200000000000000_FON_1993  |7 0  |8 A  |9 235658  |a BIBCUR  |b BIBCUR  |d 2019-11-15  |i 3599841  |o 302.2 FON 1993  |p 3599841  |r 2025-04-22  |w 2019-11-15  |y BK  |k PER 
952 |0 0  |1 0  |3 erb  |4 0  |6 302_200000000000000_FON_1993  |7 0  |8 A  |9 235659  |a BIBCUR  |b BIBCUR  |i 506094K  |o 302.2 FON 1993  |p 506094K  |r 2025-04-22  |w 2019-11-15  |y BK  |z Catalogado en:20140317  |k PER 
952 |0 0  |1 0  |3 erb  |4 0  |6 302_200000000000000_FON_1993  |7 0  |8 A  |9 235660  |a BIBCUR  |b BIBCUR  |i 5137721  |l 1  |o 302.2 FON 1993  |p 5137721  |r 2025-04-22  |s 2025-03-17  |w 2019-11-15  |y BK  |z Catalogado en:20150305  |k PER 
952 |0 0  |1 0  |3 erb  |4 0  |6 302_200000000000000_FON_1993  |7 0  |8 A  |9 235661  |a BIBCUR  |b BIBCUR  |i 513773K  |o 302.2 FON 1993  |p 513773K  |r 2025-04-22  |w 2019-11-15  |y BK  |z Catalogado en:20150305  |k PER 
952 |0 0  |1 0  |3 erb  |4 0  |6 302_200000000000000_FON_1993  |7 0  |8 A  |9 235662  |a BIBCUR  |b BIBCUR  |i 5137748  |l 1  |o 302.2 FON 1993  |p 5137748  |r 2025-04-22  |s 2025-03-17  |w 2019-11-15  |y BK  |z Catalogado en:20150305  |k PER 
952 |0 0  |1 0  |3 erb  |4 0  |6 302_200000000000000_FON_1993  |7 0  |8 A  |9 235663  |a BIBCUR  |b BIBCUR  |i 5137756  |l 1  |m 1  |o 302.2 FON 1993  |p 5137756  |r 2025-04-22  |s 2023-03-14  |w 2019-11-15  |y BK  |z Catalogado en:20150305  |k PER